[Event "RUS-ch Rapid 2021"]
[Site "Sochi"]
[Date "2021.10.12"]
[Round "3.5"]
[White "Musalov, Ruslan"]
[Black "Riazantsev, Alexander"]
[Result "1/2-1/2"]
[WhiteElo "2342"]
[BlackElo "2634"]
[Annotator "TA"]
[PlyCount "157"]
[EventDate "2021.10.12"]
[EventType "swiss"]
[EventCountry "RUS"]
[SourceTitle "playchess.com"]
[Source "ChessBase"]
[SourceQuality "1"]

{[%evp 13,157,0,0,0,0,0,0,0,0,-18,-18,-18,-16,-18,-16,-16,-4,-12,-13,-9,-9,-15,
-7,-10,-14,-18,-15,-19,-12,-15,-2,-2,-22,-8,-15,-22,-14,-21,-13,-23,-6,-7,0,-4,
0,-10,0,0,0,0,0,-29,-15,-25,-8,-15,-13,-26,-25,-17,-21,-60,-87,-96,-46,-55,-57,
-105,0,-2,0,0,0,0,0,0,0,-9,-21,-211,-211,-216,-199,-140,-53,-53,-53,-1238,
-1031,-883,-698,-478,-457,-221,0,0,0,-53,-53,-53,0,0,0,-53,-53,-53,0,0,0,0,0,
-12849,-12849,-12850,0,0,0,0,0,0,0,0,0,0,0,0,0,0,0,-28000,-28000,-28000,-28000,
-28000,-28000,-28000,-28000,-28000,-28000,-28000,-28000,-28000,-28000,-28000,
-28000,-28000]} 1. Nf3 d5 2. d4 Nf6 3. e3 c5 4. c4 cxd4 5. exd4 Nc6 6. Nc3 Be6
7. Qa4 dxc4 8. Bxc4 {D21: Queen's Gambit Accepted: 3 Nf3 sidelines.} Bxc4 9.
Qxc4 e6 10. O-O {The position is equal.} Be7 11. Bg5 O-O 12. Rad1 {[#]} Nd5
$146 ({Predecessor:} 12... Rc8 13. Qe2 Nd5 14. Bxe7 Ncxe7 15. Ne4 Qa5 16. a3
Rc7 17. Rc1 Rfc8 18. Nc5 b6 {1/2-1/2 (98) Hirneise,J (2289)-Baldauf,M (2511)
Magdeburg 2021}) 13. Nxd5 exd5 14. Qc1 f6 15. Bf4 Re8 16. Rfe1 Qd7 17. Qc2 Bf8
18. Rxe8 Rxe8 19. Qd3 Nb4 20. Qb3 a5 21. a4 b5 22. axb5 Qxb5 23. Ra1 Ra8 24.
Qa4 Qxa4 25. Rxa4 Nc6 (25... Nd3 $5 26. Bd2 $8 Kf7 $11) 26. Bd2 Rb8 27. Bc3 Bd6
28. Kf1 Bc7 29. Ke2 h5 30. h3 Kf7 31. Kd3 g5 32. g4 Kg6 33. Ra1 Re8 34. Rc1 Bf4
35. Ra1 f5 36. gxh5+ Kxh5 37. Bd2 Bxd2 38. Nxd2 $15 {[%mdl 4096] Endgame
KRN-KRN} Nb4+ 39. Kc3 Rc8+ 40. Kb3 Nc2 (40... Nc6 $17 41. Nf3 g4 42. hxg4+ fxg4
) 41. Ra4 $11 f4 42. Nf3 $1 g4 43. hxg4+ Kxg4 44. Ne5+ Kf5 45. Nf7 Rc6 46. f3
$2 (46. Rxa5 $11 Nxd4+ 47. Ka2) 46... Kf6 $1 $19 {[%cal Rf6f7]} 47. Nd8 Rc7 {
Strongly threatening ...Ne1.} 48. Nb7 {[#]} Nxd4+ $1 {[%mdl 512]} 49. Rxd4 $15
Rxb7+ $17 {KR-KR} 50. Kc3 $2 {[%mdl 8192] [#]} (50. Kc2 $15) 50... Ke5 $1 $19 {
aiming for ...Rb3+.} 51. Ra4 Rh7 52. Ra1 Rh3 53. Rf1 {[#]} (53. Re1+ {was
necessary.} Kd6 54. Rf1) 53... Rh2 $2 (53... a4 $1 $19 54. Rf2 Rh1) 54. Re1+ $1
$11 Kd6 55. Ra1 ({White should play} 55. Rg1 $1 $11) 55... Rf2 $15 {Threatens
to win with ...Ke5.} 56. Kd4 Rd2+ (56... Rxb2 $15 57. Rxa5 Rd2+ 58. Kc3 Rf2)
57. Kc3 $11 Re2 {White must now prevent ...Ke5.} 58. Kd4 (58. Rxa5 $11 Ke5 59.
Ra8 Re3+ {[%mdl 64] Double Attack} 60. Kc2) 58... Rxb2 $15 {...Rb4+ is the
strong threat.} 59. Rxa5 Rb4+ (59... Rd2+ $15 60. Kc3 Rf2) 60. Kc3 $1 $11 {
[%cal Rc3b4]} Rb1 61. Ra8 Rf1 62. Rd8+ $2 {[%mdl 8192]} (62. Kd4 $11) 62... Ke6
$19 63. Kd4 Rd1+ $2 ({Better is} 63... Rxf3 $19 64. Rxd5 Re3) 64. Kc5 Rd3 65.
Re8+ Kf5 66. Rf8+ Kg5 67. Rg8+ Kh5 (67... Kh4 $5 68. Rg4+ $8 {[%mdl 64] Double
Attack} Kh3 69. Rxf4 Kg3 $11) 68. Rh8+ Kg6 69. Rg8+ Kf7 (69... Kf5 $5 70. Rf8+
$8 Ke6 71. Rxf4 Rb3 $11) 70. Rg4 Ke6 $2 {[%mdl 8192]} (70... Rc3+ $11 71. Kd4
Rb3) 71. Rxf4 Ke5 {Mate.} 72. Rf8 Rc3+ 73. Kb4 Rc4+ 74. Kb3 Rf4 75. Rxf4 Kxf4
76. Kc2 Ke3 77. f4 Kxf4 {( -> ...Ke3)} 78. Kd3 d4 79. Kxd4 {[%mdl 32768]
Weighted Error Value: White=0.28/Black=0.15. An unexpected result.} 1/2-1/2

[Event "RUS-ch Rapid 2021"]
[Site "Sochi"]
[Date "2021.10.12"]
[Round "3.6"]
[White "Lobanov, Sergei"]
[Black "Sjugirov, Sanan"]
[Result "0-1"]
[WhiteElo "2501"]
[BlackElo "2663"]
[Annotator "TA"]
[PlyCount "126"]
[EventDate "2021.10.12"]
[EventType "swiss"]
[EventCountry "RUS"]
[SourceTitle "playchess.com"]
[Source "ChessBase"]
[SourceQuality "1"]

{[%evp 14,126,12,0,18,22,17,10,20,15,23,25,38,40,31,25,35,0,0,6,17,0,12,20,24,
9,45,35,31,-24,-10,-34,-34,-59,0,0,0,0,0,0,0,0,0,0,0,0,0,-53,-53,-72,-72,-66,
-68,-74,-72,-101,-87,-77,-72,-72,-72,-72,-72,-72,-72,-72,-72,-72,-72,-74,-74,
-74,-74,-546,-478,-355,-177,-1097,-1084,-1000,-1038,-770,-618,-1933,-916,
-29962,-29964,-29966,-29963,-29960,-29964,-29965,-29970,-29962,-29961,-29979,
-74,-74,-74,-74,-74,-74,-74,-74,-74,-29970,-29974,-29974,-29975,-29959,-29970,
-29965,-29965,-29981,-29982]} 1. e4 c5 2. Nf3 Nc6 3. Bb5 e6 4. O-O Nge7 5. c3
a6 6. Ba4 b5 7. Bc2 Bb7 8. Re1 c4 {B30: Sicilian: 2...Nc6 3 Bb5, lines without
...g6.} 9. d4 cxd3 $1 10. Qxd3 Ng6 {The position is equal.} 11. a4 b4 $1 12.
Nbd2 Nce5 13. Nxe5 Nxe5 14. Qg3 Qc7 {[#]} 15. Nf1 $146 (15. Nc4 $5 Qxc4 16.
Qxe5 $14) ({Predecessor:} 15. Nc4 Qxc4 16. Qxe5 Rc8 17. Bd2 Qc7 18. Qxc7 Rxc7
19. Rac1 bxc3 20. Bxc3 f6 21. Bd3 {1/2-1/2 (50) Matinian,N (2460)-Guseinov,G 
(2623) Moscow 2013}) 15... h5 16. Bf4 Bd6 17. Rad1 {Strongly threatening Rxd6!}
(17. Re3 {seems wilder.} g6 18. h4 Nc4 19. Bxd6 Qxd6 20. cxb4 Qxg3 21. Rxg3 Ke7
22. b3) 17... Nf3+ $1 18. Qxf3 (18. gxf3 Bxf4 19. Qxg7 Ke7 $17) 18... Bxf4 19.
cxb4 Bxh2+ 20. Nxh2 Qxc2 21. Qf4 ({White should try} 21. b3 $14) 21... Qxa4 $11
22. Nf3 {Hoping for Ne5!} O-O 23. Qg5 Qb5 (23... f6 $15 24. Qg6 Qb5) 24. Qxb5
axb5 25. Rxd7 Bc6 26. Rc7 Rfc8 27. Rxc8+ Rxc8 {[%mdl 4096] Endgame KRB-KRN} 28.
Rc1 Bb7 29. Rxc8+ Bxc8 {KB-KN} 30. Kf1 (30. Nd4 $11) 30... f6 $15 31. Nd4 e5
32. Nb3 Kf7 33. Ke2 f5 34. exf5 Bxf5 35. Ke3 Be6 36. Nd2 Bd5 37. f3 g5 38. Nb1
Ke6 39. Nc3 Bc6 40. Kf2 Kf5 41. Kg3 h4+ 42. Kf2 g4 43. fxg4+ Kxg4 44. Ne2 Kf5
45. Ng1 $2 (45. Nc3) 45... Kf4 $1 $19 46. Nh3+ Ke4 $1 {[%cal Re4d3]} 47. Ng5+
Kd4 48. Nf7 e4 (48... Bd7 $142 49. Ng5 e4) 49. Nh6 Bd7 50. Nf7 e3+ 51. Ke2 Bg4+
52. Ke1 Be6 53. Nd6 Kd3 54. Kd1 Bd5 $2 (54... Bb3+ {mates} 55. Ke1 Bd5 56. b3
Bxg2 57. Nf7 h3 58. Ne5+ Ke4 59. Ng4 Kf4 60. Nh2 Bf3 61. Kf1 Kg3 62. Kg1 e2 63.
Nf1+ exf1=Q+ {[%mdl 64] Promotion} 64. Kxf1 h2 65. Ke1 h1=Q+ 66. Kd2 Qg2+ 67.
Kc1 Bd5 68. Kd1 Bxb3+ 69. Ke1 Qf2#) 55. Nf5 $17 Bxg2 56. Nxh4 Be4 {aiming for .
..e2+.} 57. Ke1 Kc4 {Threatens to win with ...Kd3.} 58. Ke2 Kd4 $1 ({Don't play
} 58... Kxb4 59. Kxe3 Bd5 60. Kd4 $11) 59. b3 $2 {[%mdl 8192]} (59. Kf1 $17)
59... Bd3+ {Black mates.} 60. Ke1 Kc3 61. Ng2 {[#]} e2 $1 62. Nf4 {[#]} Kc2 $1
{[%cal Rc2c3]} 63. Kf2 Kd2 {Weighted Error Value: White=0.49/Black=0.24} 0-1

[Event "RUS-ch Rapid 2021"]
[Site "Sochi"]
[Date "2021.10.12"]
[Round "3.7"]
[White "Alekseev, Evgeny"]
[Black "Usmanov, Vasily"]
[Result "1-0"]
[WhiteElo "2602"]
[BlackElo "2447"]
[Annotator "TA"]
[PlyCount "91"]
[EventDate "2021.10.12"]
[EventType "swiss"]
[EventCountry "RUS"]
[SourceTitle "playchess.com"]
[Source "ChessBase"]
[SourceQuality "1"]

{[%evp 11,91,36,70,38,33,25,41,41,50,42,45,46,39,43,52,47,122,116,108,97,120,
100,107,83,91,58,55,69,68,60,129,98,138,137,210,177,208,201,209,193,6095,5614,
10382,6653,6483,6419,2090,1754,5198,578,574,563,569,571,592,569,670,675,778,
741,1146,884,2810,2297,2068,1795,4894,4822,4794,3504,1605,1170,953,961,6107,
2249,6917,6101,29990,29991,29991,29992]} 1. e4 e5 2. Nf3 Nf6 3. Nxe5 d6 4. Nf3
Nxe4 5. d4 Be7 6. Bd3 Ng5 7. Nbd2 $5 {[%mdl 4] A promising side line. C42:
Petroff Defence: 3 Nxe5 and unusual White 3rd moves.} Bg4 8. h3 Nxf3+ 9. Nxf3 {
White is slightly better.} Bh5 {[#]} 10. O-O $146 ({Predecessor:} 10. Qe2 Nd7
11. g4 Bg6 12. Bxg6 hxg6 13. Bg5 Kf8 14. Be3 Nb6 15. O-O-O Qd7 16. d5 {1/2-1/2
(41) McShane,L (2624)-Rozentalis,E (2631) Toronto 2010}) 10... O-O 11. Bf5 Nc6
12. c3 Re8 13. Qd3 g6 {[#]} (13... Bg6 $14) 14. g4 $1 $16 gxf5 (14... Bxg4 15.
Bxg4) 15. gxh5 Qd7 16. Kh2 Kh8 17. Rg1 d5 18. Bf4 (18. Kh1 {is more complex.}
f4 19. Rg4 Bd6 20. Bd2 Rg8 21. Rag1) 18... Bd6 19. Bxd6 Qxd6+ 20. Rg3 Qf4 {
Black is now going downhill.} (20... Re4 $1 $14) 21. Rag1 f6 22. Qb5 Ne7 (22...
Qd6 $16) 23. Qxb7 Rab8 {[#]} 24. Qa6 {[%cal Ra6f6]} c6 25. b4 $40 {[%mdl 128]
White wants a kill.} Nc8 $2 (25... Qc7 26. Kh1 Ra8) 26. Qxc6 $18 {[%cal Rc6e8]
[%mdl 64] Double Attack} Nd6 {[#]} 27. Ne5 $1 {[%mdl 512]} fxe5 28. Qxd6 {
[%cal Rd6f6]} Rb6 29. Qc7 {[%csl Gg1,Gg3][%cal Rc7g7]} Rg8 30. Qxe5+ (30. Kh1
$142 {[%csl Gg1][%cal Rg3g8]} Qxg3 31. Rxg3 Rxg3 32. fxg3) 30... Qxe5 31. dxe5
{[%csl Gg1][%cal Rg3g8][%mdl 4096] Endgame KRR-KRR} Re8 32. f4 Ra6 33. R1g2 Ra3
34. Rd2 Rc8 35. h6 Raxc3 36. Rxc3 Rxc3 37. Rxd5 {[%cal Rd5d8] KR-KR} Kg8 38. e6
{[%cal Rd5d8]} Kf8 39. Rxf5+ Ke7 40. Rf7+ Kxe6 41. Rxa7 Kf5 42. Rxh7 Ra3 43.
Rf7+ Ke4 44. h7 Kf3 45. h8=Q Rxa2+ 46. Kh1 {Weighted Error Value: White=0.39/
Black=0.26} 1-0

[Event "RUS-ch Rapid 2021"]
[Site "Sochi"]
[Date "2021.10.12"]
[Round "3.8"]
[White "Belozerov, Andrei"]
[Black "Kobalia, Mikhail"]
[Result "1/2-1/2"]
[WhiteElo "2476"]
[BlackElo "2600"]
[Annotator "TA"]
[PlyCount "120"]
[EventDate "2021.10.12"]
[EventType "swiss"]
[EventCountry "RUS"]
[SourceTitle "playchess.com"]
[Source "ChessBase"]
[SourceQuality "1"]

{[%evp 31,120,21,16,16,16,15,25,11,29,0,78,80,86,56,49,53,55,47,68,68,79,79,
101,49,71,52,111,50,59,60,60,53,53,63,114,0,58,49,87,87,87,87,87,88,122,122,
122,107,189,122,122,0,0,0,0,0,0,0,0,0,0,0,0,0,0,0,0,0,0,0,0,0,0,0,0,0,0,0,0,0,
0,0,0,0,0,0,0,0,0,0,0]} 1. e4 c6 2. d4 d5 3. Nd2 dxe4 4. Nxe4 Bf5 5. Ng3 Bg6 6.
h4 h6 7. Nf3 Nd7 8. h5 Bh7 9. Bd3 Bxd3 10. Qxd3 e6 11. Bd2 Ngf6 12. O-O-O Be7
13. Ne4 Nxe4 14. Qxe4 Nf6 15. Qe2 Qd5 16. c4 Qe4 17. Qxe4 {B19: Classical
Caro-Kann: 4...Bf5 main line.} Nxe4 18. Be3 O-O 19. Ne5 {White has an edge.}
Bd6 20. g4 {[#]} c5 $146 (20... f5 $11) ({Predecessor:} 20... f6 21. Nd3 Rad8
22. f3 Ng5 23. Rhf1 Rfe8 {1/2-1/2 (23) Nilsson,S (2321)-Lundin,J (2269) Sweden
2014}) 21. Nd7 $16 Rfc8 22. dxc5 (22. f3 {is more complex.} cxd4 23. Rxd4 Ng3
24. Re1 Bb4 25. Bd2) 22... Bxc5 23. Nxc5 Nxc5 24. Kb1 Rc6 25. Rd4 f5 26. Rhd1
Rf8 27. Rd6 ({Better is} 27. gxf5 $16 Rxf5 28. Rg1) 27... Rcc8 28. f3 b6 (28...
fxg4 $14 29. fxg4 b6) 29. g5 ({White should try} 29. b4 $16 Na4 30. Rc1) 29...
f4 $14 30. Bxc5 Rxc5 31. gxh6 ({Much weaker is} 31. Rxe6 Rxg5 32. Rd7 Rxh5 $15)
31... gxh6 32. Rxe6 Rxh5 {[%mdl 4096] Endgame KRR-KRR} 33. Rg1+ (33. Rd7 $16)
33... Kh8 (33... Kf7 $11 34. Rgg6 Rh1+ 35. Kc2 h5) 34. Re7 Rg8 35. Rxg8+ Kxg8
36. Rxa7 $16 {KR-KR} Rc5 37. Rb7 Rc6 {[#]} 38. b4 $1 {[%cal Bb2b4,Bb4b5][%mdl
32] Black must now prevent c5!} h5 39. b5 Rh6 (39... Rg6 $16 {is a better
defense.} 40. c5 bxc5) 40. Re7 $18 h4 41. Kc2 (41. a4 $16) 41... h3 $11 {
[#] And now ...h2 would win.The position is equal.} 42. Re1 {Threatens to win
with a4.} h2 43. Rh1 Kf7 44. Kd3 Ke6 45. Ke4 Rh4 46. a4 Kd6 47. Kf5 Kc5 48. Kg5
Rh8 49. Kxf4 Kxc4 50. Kg3 Kb4 51. Rxh2 Rxh2 52. Kxh2 {Hoping for f4.} Kxa4 53.
f4 {Intending f5 and mate.} Kxb5 {KP-KP} 54. f5 Kc5 55. Kg3 b5 {( -> ...b4)}
56. Kf4 {Ke5 would kill now.} Kd6 57. Ke4 Ke7 58. Kd4 Kf6 59. Kc5 Kxf5 60. Kxb5
Ke5 {Weighted Error Value: White=0.11/Black=0.16} 1/2-1/2

[Event "RUS-ch Rapid 2021"]
[Site "Sochi"]
[Date "2021.10.12"]
[Round "3.9"]
[White "Sakaev, Konstantin"]
[Black "Zubritskiy, Artyom"]
[Result "0-1"]
[WhiteElo "2603"]
[BlackElo "2442"]
[Annotator "TA"]
[PlyCount "62"]
[EventDate "2021.10.12"]
[EventType "swiss"]
[EventCountry "RUS"]
[SourceTitle "playchess.com"]
[Source "ChessBase"]
[SourceQuality "1"]

{[%evp 9,62,31,37,25,31,29,32,25,35,39,46,48,51,49,53,54,67,56,87,77,115,105,
135,138,139,121,118,75,60,74,62,47,72,25,40,37,40,-68,-88,-100,-59,-66,-79,-83,
-109,-195,-183,-606,-581,-1427,-708,-933,0,-1380,-1333]} 1. d4 f5 2. c4 Nf6 3.
Nf3 g6 4. e3 Bg7 5. Be2 O-O 6. b4 {A84: Dutch Defence: 2 c4 Miscellaneous.} d6
7. Bb2 e6 8. O-O {White is slightly better.} Qe7 9. Nc3 Nc6 10. Qb3 Nd8 {[#]}
11. c5 $146 ({Predecessor:} 11. Rac1 Nf7 12. c5 g5 13. Nd2 g4 14. f3 h5 15. Kh1
e5 16. cxd6 cxd6 17. Bc4 {1-0 (34) Zinkevich,J (2178)-Gaponenko,I (2390)
Kherson 2020}) 11... Nf7 12. b5 Bd7 13. a4 {[%cal Ba2a4,Ba4a5][%mdl 32]} g5 14.
Ba3 Ne8 15. Rac1 Rd8 16. a5 g4 17. Nd2 Qh4 18. c6 bxc6 19. bxc6 Bxc6 20. Qxe6
Kh8 $1 21. Qc4 Ba8 22. Nd5 Ng5 23. f4 {[#]} ({Reject} 23. Nxc7 Rc8 $15) ({
Better is} 23. Bb2 $14) 23... g3 $1 $40 {[%mdl 128] White is in trouble.} 24.
hxg3 Qxg3 {Hoping for ...Bxd5.} 25. fxg5 {Strongly threatening Nf3.} Bxd5 26.
Qxd5 Qxe3+ {[%mdl 64] Double Attack} 27. Kh2 (27. Rf2 $17 {keeps fighting.}
Bxd4 28. Qf3 Qxd2 29. Rd1 Bxf2+ 30. Qxf2 Qxg5 31. Bb2+ Ng7 32. Qxa7) 27... Qxd2
$19 ({Stronger than} 27... Qxe2 28. Nf3 $15) 28. Bf3 (28. Rce1) 28... Qxg5 {
[#] aiming for ...Qh4+.} 29. Rc4 Qh6+ (29... Nf6 $142 30. Qe6 Rde8 31. Qxe8
Nxe8) 30. Kg3 Qg5+ $2 (30... Qg6+ $19 31. Kh2 Nf6) 31. Kf2 $2 {[%mdl 8192]} (
31. Kh2 $11 Nf6 32. Qe6) 31... Nf6 {Weighted Error Value: White=0.69/Black=0.36
} 0-1

[Event "RUS-ch Rapid 2021"]
[Site "Sochi"]
[Date "2021.10.12"]
[Round "3.10"]
[White "Tsydypov, Zhamsaran"]
[Black "Pershin, Denis"]
[Result "1-0"]
[WhiteElo "2526"]
[BlackElo "2388"]
[Annotator "ChessBase"]
[PlyCount "71"]
[EventDate "2021.10.12"]
[EventType "swiss"]
[EventCountry "RUS"]
[SourceTitle "playchess.com"]
[Source "ChessBase"]
[SourceQuality "1"]
[TimeControl "900+10"]

1. e4 {[%emt 0:02:40]} c6 {[%emt 0:00:00]} 2. Nc3 {[%emt 0:00:05]} d5 {[%emt 0:
00:07]} 3. Nf3 {[%emt 0:00:01]} Bg4 {[%emt 0:00:02]} 4. h3 {[%emt 0:00:02]}
Bxf3 {[%emt 0:00:02]} 5. Qxf3 {[%emt 0:00:08]} Nf6 {[%emt 0:00:06]} 6. d4 {
[%emt 0:02:16]} dxe4 {[%emt 0:00:06]} 7. Qe3 {[%emt 0:00:00]} e6 {[%emt 0:00:
23]} 8. Nxe4 {[%emt 0:00:05]} Nxe4 {[%emt 0:00:00]} 9. Qxe4 {[%emt 0:00:07]}
Nd7 {[%emt 0:00:11]} 10. Be2 {[%emt 0:00:50]} Nf6 {[%emt 0:00:00]} 11. Qd3 {
[%emt 0:00:00]} Bd6 {[%emt 0:00:00]} 12. O-O {[%emt 0:00:00]} O-O {[%emt 0:00:
03]} 13. Bg5 {[%emt 0:00:59]} h6 {[%emt 0:00:00]} 14. Bh4 {[%emt 0:00:02]} e5 {
[%emt 0:05:30]} 15. Rad1 {[%emt 0:00:22]} Re8 {[%emt 0:00:07]} 16. Qb3 {
[%emt 0:06:01]} exd4 {[%emt 0:04:11]} 17. Bc4 {[%emt 0:00:15]} Qe7 {[%emt 0:00:
33]} 18. Rxd4 {[%emt 0:00:09]} Bc5 {[%emt 0:00:38]} 19. Bxf6 {[%emt 0:01:59]}
Qxf6 {[%emt 0:00:48]} 20. Rd7 {[%emt 0:00:00]} Re7 {[%emt 0:02:14]} 21. Rxb7 {
[%emt 0:00:03]} Rxb7 {[%emt 0:01:46]} 22. Qxb7 {[%emt 0:00:00]} Rd8 {[%emt 0:
00:00]} 23. Bd3 {[%emt 0:00:01]} Bb6 {[%emt 0:00:55]} 24. b4 {[%emt 0:01:48]}
g6 {[%emt 0:00:03]} 25. a4 {[%emt 0:00:09]} Rd5 {[%emt 0:01:23]} 26. a5 {
[%emt 0:00:14]} Bd4 {[%emt 0:00:02]} 27. b5 {[%emt 0:00:32]} Rc5 {[%emt 0:00:
14]} 28. Qxa7 {[%emt 0:00:13]} cxb5 {[%emt 0:00:02]} 29. a6 {[%emt 0:00:03]}
Kg7 {[%emt 0:00:23]} 30. Qb7 {[%emt 0:00:10]} Qd8 {[%emt 0:00:11]} 31. a7 {
[%emt 0:00:04]} Rc8 {[%emt 0:00:03]} 32. Be4 {[%emt 0:00:00]} Bxa7 {[%emt 0:00:
08]} 33. Qxa7 {[%emt 0:00:02]} Rc7 {[%emt 0:00:11]} 34. Qb6 {[%emt 0:00:18]}
Qd7 {[%emt 0:00:07]} 35. Bd3 {[%emt 0:00:01]} Rc8 {[%emt 0:00:03]} 36. Ra1 {
[%emt 0:00:03]} 1-0

[Event "RUS-ch Rapid 2021"]
[Site "Sochi"]
[Date "2021.10.12"]
[Round "3.11"]
[White "Oganian, Miran"]
[Black "Kezin, Roman"]
[Result "1-0"]
[WhiteElo "2441"]
[BlackElo "2492"]
[Annotator "TA"]
[PlyCount "73"]
[EventDate "2021.10.12"]
[EventType "swiss"]
[EventCountry "RUS"]
[SourceTitle "playchess.com"]
[Source "ChessBase"]
[SourceQuality "1"]

{[%evp 14,73,37,35,46,31,38,0,27,0,0,0,-6,-9,28,31,89,89,94,81,79,68,84,67,93,
94,118,86,160,167,173,159,267,225,261,264,453,232,214,182,203,207,293,272,269,
273,345,316,341,326,484,482,480,310,470,458,454,422,539,535,516,504]} 1. d4 d5
2. c4 e6 3. Nf3 Nf6 4. g3 Be7 5. Bg2 O-O 6. O-O dxc4 7. Ne5 c5 8. dxc5 Qc7 {
8...Qc7 is better than 8...Bxc5. E05: Open Catalan: 5 Nf3 Be7.} 9. Nxc4 Rd8 10.
Qc2 Qxc5 {The position is equal.} 11. b3 (11. Be3 $5 {[%cal Re3c5]} Qh5 12. Rd1
Rxd1+ 13. Qxd1 $11) 11... Nc6 12. Ba3 Nb4 13. Qb2 {[#]} Qh5 $146 ({Predecessor:
} 13... Nfd5 14. e4 Nb6 15. Nbd2 Nxc4 16. Nxc4 b5 17. Ne3 Bb7 18. Rfd1 a5 19.
Qe2 Qb6 20. Bb2 Bc5 21. Qg4 Bd4 22. Rxd4 Rxd4 23. Bxd4 Qxd4 24. Rd1 Qb6 {
1/2-1/2 (24) Bindrich,F (2598)-Michalik,P (2546) Germany 2018}) 14. Nc3 e5 (
14... Rb8 $1 $14) 15. Rfd1 $36 {[%mdl 2048] White is really pushing.} Be6 16.
Ne3 e4 17. Bxb4 ({Much worse is} 17. Nxe4 Nxe4 18. Bxb4 (18. Bxe4 Bf6 $17)
18... Bf6 $15) 17... Bxb4 18. Nxe4 Nxe4 19. Bxe4 Qa5 {White should prevent ...
Bc3.} 20. Bxb7 Bc3 ({Black should try} 20... Rab8) 21. Qc2 Bxa1 22. Bxa8 ({
Stronger than} 22. Rxa1 {[#]} Rd2 $1 $17) 22... Rc8 (22... Bf6 $16) 23. Qb1 {
Bb7 is the strong threat.} ({Not} 23. Rxa1 Rxc2 24. Nxc2 Qd2 $17) 23... Bf6 24.
Bd5 Bh3 $2 (24... Qa6 {keeps fighting.} 25. Qe4 Bxd5 26. Nxd5 g6) 25. Bg2 (25.
g4 $142) 25... Be6 $18 26. Nd5 Bd8 27. Nf4 Bg4 (27... Qe5 $142 28. Nxe6 Qxe6)
28. h3 Bf5 29. Be4 Bxe4 30. Qxe4 {[%cal Re4e8]} Bb6 31. Nd5 {aiming for Ne7+.}
Rd8 (31... Rf8 {was called for.} 32. Qc2 Bd8) 32. Ne7+ Kf8 33. Rxd8+ Bxd8 34.
Nc6 {White is clearly winning.} Qc7 35. Qb4+ Kg8 {[#]} 36. Qd4 $1 Bf6 37. Qxa7
{Weighted Error Value: White=0.18/Black=0.36} 1-0

[Event "RUS-ch Rapid 2021"]
[Site "Sochi"]
[Date "2021.10.12"]
[Round "3.12"]
[White "Kokarev, Dmitry"]
[Black "Savitskiy, Sergey"]
[Result "1/2-1/2"]
[WhiteElo "2579"]
[BlackElo "2439"]
[Annotator "TA"]
[PlyCount "43"]
[EventDate "2021.10.12"]
[EventType "swiss"]
[EventCountry "RUS"]
[SourceTitle "playchess.com"]
[Source "ChessBase"]
[SourceQuality "1"]

{[%evp 20,43,11,-14,0,0,58,43,41,27,38,0,0,0,0,0,0,0,0,0,0,0,0,0,0,-416]} 1. g3
Nf6 2. Bg2 g6 3. e4 d6 4. d4 Bg7 5. Nc3 O-O 6. Nge2 e5 7. h3 Nc6 8. Be3 exd4 9.
Nxd4 Bd7 10. O-O Re8 11. Nde2 Ne5 {B07: Pirc Defence: Miscellaneous Systems.}
12. b3 Bc6 ({Black should try} 12... b5 $11) 13. Nd4 $14 Bd7 {White is
slightly better.} 14. Re1 c5 {[#]} 15. Ndb5 $146 ({Predecessor:} 15. Nde2 Qc7
16. Nf4 Bc6 17. Qd2 Rad8 18. Rad1 b6 19. Ncd5 Qb7 20. Nxf6+ Bxf6 21. Nd5 Bxd5
22. exd5 c4 23. Bd4 cxb3 24. cxb3 {1/2-1/2 (30) Kuenstler,C (2094)-Arbinger,R 
(2067) Germany 2013}) 15... Qa5 {The position is equal.} 16. a4 a6 17. Nxd6 {
[%mdl 64] [#] Nd5 is the strong threat. Double Attack} Qxc3 18. Bd2 Qd4 19. Be3
Qc3 20. Bd2 Qd4 21. Be3 Qc3 22. Bf1 $2 {[%mdl 40960] Weighted Error Value:
White=0.06/Black=0.14. An unexpected result.} (22. Bd2 $11 {and White is okay.}
Qd4) 1/2-1/2